Psicología de la simulación social / (Record no. 187936)
[ view plain ]
| 000 -LEADER | |
|---|---|
| campo de control de longitud fija | 00782nam a2200193 i 4500 |
| 001 - NÚMERO DE CONTROL | |
| campo de control | 187936 |
| 003 - IDENTIFICADOR DE NÚMERO DE CONTROL | |
| campo de control | ES-MaACL |
| 005 - FECHA Y HORA DE LA ÚLTIMA TRANSACCIÓN | |
| campo de control | 20250822035252.0 |
| 008 - DATOS DE LONGITUD FIJA--INFORMACIÓN GENERAL | |
| campo de control de longitud fija | 180327s1933 sp |||| | spa d |
| 100 1# - ENTRADA PRINCIPAL--NOMBRE DE PERSONA | |
| Nombre de persona | Vallejo Nágera, Antonio, |
| Fechas asociadas al nombre | 1889-1960 |
| 9 (RLIN) | 112854 |
| 245 10 - MENCIÓN DEL TÍTULO | |
| Título | Psicología de la simulación social / |
| Mención de responsabilidad, etc. | conferencia pronunciada por A. Vallejo Nágera el día 2 de febrero de 1933. |
| 260 ## - PUBLICACIÓN, DISTRIBUCIÓN, ETC. | |
| Lugar de publicación, distribución, etc. | Madrid : |
| Nombre del editor, distribuidor, etc. | [s.n.], |
| Fecha de publicación, distribución, etc. | 1933. |
| 300 ## - DESCRIPCIÓN FÍSICA | |
| Extensión | 23 p.. ; |
| Dimensiones | 23 cm. |
| 490 1# - MENCIÓN DE SERIE | |
| Mención de serie | Conferencias dadas en el Centro de intercambio intelectual germano-español ; |
| Designación de volumen o secuencia | 34 |
| 650 07 - PUNTO DE ACCESO ADICIONAL DE MATERIA--TÉRMINO DE MATERIA | |
| Término de materia o nombre geográfico como elemento de entrada | Psicología social |
| Fuente del encabezamiento o término | embne |
| 9 (RLIN) | 16573 |
| 830 00 - PUNTO DE ACCESO ADICIONAL DE SERIE-TÍTULO UNIFORME | |
| Título uniforme | Conferencias dadas en el Centro de Intercambio Intelectual Germano-Español |
| Designación de volumen o secuencia | 34 |
| 9 (RLIN) | 192904 |
| 852 ## - LOCALIZACIÓN | |
| Ubicación | ES-MaACL |
| Número de control de estantería | C-8111(29) |
| Estatus retirado | Estado de pérdida | Estado de daño | No para préstamo | Biblioteca de origen | Biblioteca actual | Ubicación en estantería | Fecha de adquisición | Fuente de adquisición | Total de préstamos | Signatura topográfica completa | Código de barras | Visto por última vez | Precio de reemplazo | Tipo de ítem Koha |
|---|---|---|---|---|---|---|---|---|---|---|---|---|---|---|
| Biblioteca del Ateneo de Madrid | Biblioteca del Ateneo de Madrid | Sala Palomar | 27/03/2018 | C-8111(29) | 1198588 | 23/02/2023 | 23/02/2023 | Libro impreso |
